000 00239nam a2200109Ia 4500
008 190216s9999||||xx |||||||||||||| ||und||
100 _aNull
245 0 _aNations And Empires
260 _bNew Week Books
650 _aEnglish
942 _cBK
999 _c12990
_d12990